[Event "AUT-ch U14"]
[Site "St Veit"]
[Date "2023.06.10"]
[Round "5"]
[White "Schrimpf, Michael"]
[Black "Pausweg, Daniel"]
[Result "1/2-1/2"]
[WhiteElo "1764"]
[BlackElo "1320"]
[PlyCount "60"]
[EventDate "2023.06.08"]
[EventType "swiss"]
[EventRounds "7"]
[EventCountry "AUT"]
[SourceTitle "EXT 2024"]
[Source "ChessBase"]
[SourceDate "2023.10.10"]
[SourceVersion "1"]
[SourceVersionDate "2023.10.10"]
[SourceQuality "1"]

1. e4 c6 2. d4 d5 3. e5 Bf5 4. h4 h6 5. g4 Bg6 6. h5 Bh7 7. e6 fxe6 8. Bd3 Nf6 9. Bxh7 Rxh7 10. Qd3 Qd6 11. Nf3 Nbd7 12. g5 Ne4 13. Nc3 Nxc3 14. Qxh7 Ne4 15. Qg6+ Kd8 16. c3 a5 17. gxh6 gxh6 18. Bxh6 Bxh6 19. Qxh6 Kc7 20. Qe3 e5 21. h6 exd4 22. Nxd4 e5 23. Nf5 Qf6 24. Ng3 Ndc5 25. b4 axb4 26. cxb4 Nd3+ 27. Ke2 Nexf2 28. Rhf1 e4 29. Nh5 Qf5 30. Ng3 Qf6 1/2-1/2

[Event "AUT-ch U14"]
[Site "St Veit"]
[Date "2023.06.08"]
[Round "1"]
[White "Ortner, Sebastian"]
[Black "Pausweg, Daniel"]
[Result "1-0"]
[WhiteElo "1787"]
[BlackElo "1320"]
[PlyCount "115"]
[EventDate "2023.06.08"]
[EventType "swiss"]
[EventRounds "7"]
[EventCountry "AUT"]
[SourceTitle "EXT 2024"]
[Source "ChessBase"]
[SourceDate "2023.10.10"]
[SourceVersion "1"]
[SourceVersionDate "2023.10.10"]
[SourceQuality "1"]

1. d4 Nf6 2. c4 d5 3. Nc3 c6 4. cxd5 cxd5 5. Bf4 Bf5 6. e3 e6 7. Bd3 Bxd3 8. Qxd3 Nc6 9. Rc1 Bd6 10. Bxd6 Qxd6 11. Nf3 0-0 12. 0-0 Rac8 13. a3 a6 14. Rc2 Rc7 15. Nd2 Ng4 16. Nf3 Nf6 17. b4 Rfc8 18. Na4 Ne4 19. Rfc1 b5 20. Nc5 Nxc5 21. dxc5 Qe7 22. Rd2 Rd8 23. Qb3 h6 24. Ra1 Rb8 25. Qb2 Rbb7 26. Ne5 Qg5 27. Nxc6 Rxc6 28. Rd4 f5 29. Qc3 Qf6 30. g3 Rd7 31. Qd2 Rf7 32. a4 Rb7 33. Ra3 Qf8 34. Qa2 Qf7 35. axb5 axb5 36. Rd1 Qh5 37. Rxd5 Qf3 38. Rd8+ Kh7 39. Ra6 h5 40. Rxc6 Qxc6 41. Rd6 Qf3 42. Qxe6 Rb8 43. Qd5 Qe2 44. Qxf5+ Kg8 45. Qd5+ Kh8 46. Rd8+ Rxd8 47. Qxd8+ Kh7 48. Qd4 Qc2 49. e4 h4 50. Kg2 Qe2 51. e5 g5 52. Qe3 Qc4 53. Qxg5 Qe4+ 54. Kh3 hxg3 55. fxg3 Qc4 56. Qh4+ Kg7 57. Qxc4 bxc4 58. c6 1-0

[Event "AUT-ch U12"]
[Site "St Veit"]
[Date "2021.10.25"]
[Round "2.10"]
[White "Pausweg, Daniel"]
[Black "Baurecht, Roman"]
[Result "1/2-1/2"]
[WhiteElo "1243"]
[BlackElo "1091"]
[PlyCount "72"]
[EventDate "2021.10.25"]
[EventType "swiss"]
[EventRounds "5"]
[EventCountry "AUT"]
[SourceTitle "EXT 2023"]
[Source "ChessBase"]
[SourceDate "2022.10.05"]
[SourceVersion "1"]
[SourceVersionDate "2022.10.05"]
[SourceQuality "1"]

1. e4 c5 2. Nf3 d6 3. Bb5+ Bd7 4. Bxd7+ Qxd7 5. 0-0 Nc6 6. c3 Nf6 7. Re1 g6 8. d4 cxd4 9. cxd4 e6 10. Nc3 Bg7 11. Bg5 0-0 12. Qd2 Rac8 13. a3 Na5 14. Qf4 Nh5 15. Qh4 h6 16. Be3 Nc4 17. Rab1 Nxe3 18. Rxe3 Qc6 19. g4 Nf6 20. e5 dxe5 21. dxe5 Nd7 22. g5 h5 23. Rd1 Nb6 24. Nd4 Qe8 25. Ne4 Qa4 26. b3 Qxa3 27. Nf6+ Bxf6 28. gxf6 Rfd8 29. Qg5 Kh7 30. Rh3 Rg8 31. Kh1 Qf8 32. f4 Rd8 33. Rdd3 Qh6 34. Qh4 Nd5 35. Ne2 Nb6 36. Nc3 Rxd3 1/2-1/2

[Event "AUT-chT District U18 Online Rapid"]
[Site "Playchess.com INT"]
[Date "2020.12.12"]
[Round "5"]
[White "Pausweg, Daniel"]
[Black "Giselbrecht, Leefke"]
[Result "1-0"]
[WhiteElo "1622"]
[BlackElo "1453"]
[PlyCount "153"]
[EventDate "2020.12.12"]
[EventType "team-swiss (rapid)"]
[EventRounds "9"]
[EventCountry "AUT"]
[SourceTitle "EXT 2022"]
[Source "ChessBase"]
[SourceDate "2021.10.06"]
[SourceVersion "1"]
[SourceVersionDate "2021.10.06"]
[SourceQuality "1"]

1. g3 d5 2. Bg2 Nf6 3. e3 Nc6 4. Ne2 Bg4 5. d4 e6 6. Nd2 Bd6 7. b3 0-0 8. 0-0 Re8 9. f3 Bf5 10. g4 Bg6 11. Ng3 Ne7 12. Bb2 c6 13. c4 Qc7 14. Kf2 h5 15. gxh5 Nxh5 16. Nxh5 Bxh5 17. c5 Bxh2 18. Rh1 Qg3+ 19. Kf1 Nf5 20. Qe1 Bg6 21. Qf2 Bh7 22. Ke2 e5 23. Bf1 Qxf2+ 24. Kxf2 Bg3+ 25. Kg2 exd4 26. Bxd4 Nxd4 27. exd4 Bf4 28. Bd3 Bxd3 29. Nf1 Re2+ 30. Kg1 Kf8 31. Rh8+ Ke7 32. Rxa8 a6 33. Ra7 Bg5 34. Rxb7+ Kf6 35. Rb6 Bh4 36. Rxc6+ Ke7 37. Rc7+ Kf6 38. Rc6+ Ke7 39. Rc7+ Kf6 40. c6 Rf2 41. Ra7 Kg6 42. Rc1 Re2 43. c7 Bf6 44. c8Q Bxd4+ 45. Kh1 Bxa7 46. Qg4+ Kf6 47. Qh4+ g5 48. Rc6+ Kf5 49. Qg4+ Ke5 50. Qxg5+ Kd4 51. Qf4+ Be4 52. fxe4 Rxe4 53. Qf2+ Kd3 54. Qxa7 Rh4+ 55. Nh2 Re4 56. Rc1 Re2 57. Qc5 Re4 58. Qc3+ Ke2 59. Re1+ Kf2 60. Rxe4 dxe4 61. Qd2+ Kg3 62. Qe3+ Kh4 63. Qxe4+ Kg5 64. Nf3+ Kf6 65. Qc6+ Kf5 66. Qxa6 Ke4 67. b4 Kxf3 68. b5 f5 69. b6 Ke3 70. b7 f4 71. b8Q f3 72. Qb4 f2 73. Qe6+ Kd3 74. Qh3+ Ke2 75. Qb2+ Ke1 76. Qe3+ Kf1 77. Qec1# 1-0

[Event "AUT-chT District U18 Online Rapid"]
[Site "Playchess.com INT"]
[Date "2020.12.12"]
[Round "6"]
[White "Roessler, Lukas1111"]
[Black "Pausweg, Daniel"]
[Result "0-1"]
[WhiteElo "1470"]
[BlackElo "1639"]
[PlyCount "114"]
[EventDate "2020.12.12"]
[EventType "team-swiss (rapid)"]
[EventRounds "9"]
[EventCountry "AUT"]
[SourceTitle "EXT 2022"]
[Source "ChessBase"]
[SourceDate "2021.10.06"]
[SourceVersion "1"]
[SourceVersionDate "2021.10.06"]
[SourceQuality "1"]

1. e4 g6 2. d4 Bg7 3. Nf3 e6 4. Nc3 Ne7 5. Bc4 d5 6. exd5 exd5 7. Bd3 Bf5 8. Bxf5 Nxf5 9. 0-0 0-0 10. Bf4 c6 11. h3 Nd7 12. Bg5 Qc7 13. Re1 Rfe8 14. Rxe8+ Rxe8 15. b4 Nb6 16. a4 Nc4 17. a5 h6 18. Bh4 Nxh4 19. Nxh4 Qe7 20. Nf3 Qxb4 21. Na4 Qe7 22. Qd3 Qe4 23. Qxe4 Rxe4 24. Nc5 Re7 25. c3 g5 26. a6 b5 27. Rd1 Nb6 28. Nb7 Na4 29. Rc1 Nb6 30. Nd6 Bf8 31. Ne5 Rc7 32. Nf5 Nd7 33. Ng4 Kh7 34. Re1 Kg6 35. Ne7+ Bxe7 36. Rxe7 h5 37. Ne5+ Kf6 38. Rxd7 Rxd7 39. Nxd7+ Ke6 40. Nf8+ Ke7 41. Nh7 f6 42. g4 h4 43. Kg2 Kf7 44. f4 Kg7 45. fxg5 Kxh7 46. gxf6 Kg6 47. Kf3 Kxf6 48. Kf4 Ke6 49. g5 c5 50. dxc5 d4 51. cxd4 b4 52. g6 b3 53. g7 Kf7 54. Ke3 b2 55. g8Q+ Kxg8 56. c6 b1Q 57. c7 Qc2 0-1